|
|
|
|
| LEADER |
00000cam a2200000 c 4500 |
| 001 |
026514982 |
| 003 |
DE-627 |
| 005 |
20260206192629.0 |
| 007 |
tu |
| 008 |
860723s1985 gw ||||| 00| ||ger c |
| 015 |
|
|
|a 85,N03,0320
|2 dnb
|
| 015 |
|
|
|a 85,A33,0844
|2 dnb
|
| 016 |
7 |
|
|a 850105919
|2 DE-101
|
| 020 |
|
|
|a 3608910727
|9 3-608-91072-7
|
| 035 |
|
|
|a (DE-627)026514982
|
| 035 |
|
|
|a (DE-603)029359848
|
| 035 |
|
|
|a (DE-576)012533602
|
| 035 |
|
|
|a (DE-599)GBV026514982
|
| 035 |
|
|
|a (OCoLC)12241031
|
| 035 |
|
|
|a (DE-604)8010234624
|
| 035 |
|
|
|a (DE-H357)his10698
|
| 040 |
|
|
|a DE-627
|b ger
|c DE-627
|e rakwb
|
| 041 |
|
|
|a ger
|
| 044 |
|
|
|c XA-DE
|
| 082 |
0 |
|
|a 909 s 306/.0943 19
|q OCLC
|
| 084 |
|
|
|a 64
|a 65
|2 sdnb
|
| 084 |
|
|
|a MG 15000
|2 rvk
|0 (DE-625)rvk/122818:12034
|
| 084 |
|
|
|a MS 1150
|2 rvk
|0 (DE-625)rvk/123551:
|
| 084 |
|
|
|a MS 1204
|2 rvk
|0 (DE-625)rvk/123559:
|
| 084 |
|
|
|a NW 7000
|2 rvk
|0 (DE-625)rvk/132289:
|
| 084 |
|
|
|a MG 15010
|2 rvk
|0 (DE-625)rvk/122818:12035
|
| 084 |
|
|
|a MG 15900
|2 rvk
|0 (DE-625)rvk/122818:12221
|
| 084 |
|
|
|a QF 620
|2 rvk
|0 (DE-625)rvk/141390:
|
| 084 |
|
|
|a NQ 6085
|2 rvk
|0 (DE-625)rvk/128691:
|
| 084 |
|
|
|a NQ 6170
|2 rvk
|0 (DE-625)rvk/128702:
|
| 084 |
|
|
|a NW 2250
|2 rvk
|0 (DE-625)rvk/131975:
|
| 084 |
|
|
|a ME 3200
|2 rvk
|0 (DE-625)rvk/122595:
|
| 084 |
|
|
|a QF 620
|2 rvk
|0 (DE-625)rvk/141390:
|
| 084 |
|
|
|a 15.43
|2 bkl
|
| 084 |
|
|
|a 15.08
|2 bkl
|
| 245 |
0 |
0 |
|a Sozialgeschichte der Bundesrepublik Deutschland
|b Beiträge zum Kontinuitätsproblem
|c hrsg. von Werner Conze ; Mario Rainer Lepsius
|
| 250 |
|
|
|a 2. Aufl.
|
| 264 |
|
1 |
|a Stuttgart
|b Klett-Cotta
|c 1985
|
| 300 |
|
|
|a 467 S
|b graph. Darst
|c 24 cm
|
| 336 |
|
|
|a Text
|b txt
|2 rdacontent
|
| 337 |
|
|
|a ohne Hilfsmittel zu benutzen
|b n
|2 rdamedia
|
| 338 |
|
|
|a Band
|b nc
|2 rdacarrier
|
| 490 |
1 |
|
|a Industrielle Welt
|v 34
|
| 583 |
1 |
|
|a Archivierung/Langzeitarchivierung gewährleistet
|f PEBW
|x XA-DE-BW
|2 pdager
|5 DE-24
|
| 648 |
|
7 |
|a Sozialgeschichte
|2 gnd
|
| 650 |
|
4 |
|a BRD
|
| 650 |
|
4 |
|a Sozialgeschichte
|
| 650 |
|
4 |
|a Sozialgeschichte
|
| 650 |
|
4 |
|a Industrialisierung
|
| 650 |
|
4 |
|a Bevölkerungsbewegung
|
| 650 |
|
4 |
|a Arbeitsrecht
|
| 650 |
|
4 |
|a Staatsrecht und Verfassungsrecht
|
| 650 |
|
4 |
|a Staat
|
| 650 |
|
4 |
|a Lebensbedingungen
|
| 650 |
|
4 |
|a Sozialstruktur
|
| 650 |
|
4 |
|a Sozialstruktur
|
| 650 |
|
4 |
|a Bundesrepublik, Kontinuität, Bevölkerungsentwicklung, wirtschaftliche Entwicklung
|
| 651 |
|
7 |
|0 (DE-588)4011882-4
|0 (DE-627)104704861
|0 (DE-576)208896155
|a Deutschland
|2 gnd
|
| 651 |
|
7 |
|0 (DE-588)4011889-7
|0 (DE-627)104732423
|0 (DE-576)208896201
|a Deutschland
|g Bundesrepublik
|2 gnd
|
| 651 |
|
7 |
|a Gesellschaft
|2 gnd
|
| 651 |
|
7 |
|a Wirtschaft
|2 gnd
|
| 689 |
0 |
0 |
|d g
|0 (DE-588)4011889-7
|0 (DE-627)104732423
|0 (DE-576)208896201
|a Deutschland
|g Bundesrepublik
|2 gnd
|
| 689 |
0 |
1 |
|d s
|0 (DE-588)4055898-8
|0 (DE-627)106156489
|0 (DE-576)209115831
|a Sozialstruktur
|2 gnd
|
| 689 |
0 |
2 |
|a z
|2 gnd
|a Sozialgeschichte
|
| 689 |
0 |
|
|5 (DE-627)
|
| 689 |
1 |
0 |
|d g
|0 (DE-588)4011882-4
|0 (DE-627)104704861
|0 (DE-576)208896155
|a Deutschland
|2 gnd
|
| 689 |
1 |
|
|5 (DE-627)
|
| 700 |
1 |
|
|a Conze, Werner
|d 1910-1986
|e Hrsg.
|0 (DE-588)118521993
|0 (DE-627)060233516
|0 (DE-576)208888527
|4 edt
|
| 700 |
1 |
|
|a Lepsius, Mario Rainer
|d 1928-2014
|e Hrsg.
|0 (DE-588)121629538
|0 (DE-627)224506080
|0 (DE-576)161963463
|4 edt
|
| 830 |
|
0 |
|a Industrielle Welt
|v 34
|9 34.1985
|w (DE-627)130113247
|w (DE-576)001050079
|w (DE-600)504104-1
|x 0537-5762
|7 am
|
| 856 |
4 |
2 |
|u http://d-nb.info/830385886/04
|m B:DE-101
|q pdf/application
|v 20161127003401
|x Verlag
|3 Inhaltsverzeichnis
|7 1
|
| 856 |
4 |
2 |
|u http://scans.hebis.de/HEBCGI/show.pl?02935984_toc.pdf
|m V:DE-603;B:DE-17
|q application/pdf
|3 Inhaltsverzeichnis
|7 1
|
| 935 |
|
|
|i Blocktest
|
| 935 |
|
|
|h HEB
|i 0501
|
| 935 |
|
|
|h HEB
|i 0503
|
| 936 |
r |
v |
|a MG 15000
|b Allgemeines
|k Politologie
|k Politische Systeme einzelner Länder
|k Europa, Nordamerika
|k Westeuropa, Mitteleuropa
|k Bundesrepublik Deutschland
|k Bundesrepublik Deutschland
|k Politisches System (insgesamt)
|k Allgemeines
|0 (DE-627)1271070650
|0 (DE-625)rvk/122818:12034
|0 (DE-576)201070650
|
| 936 |
r |
v |
|a MS 1150
|b Vorindustrielle Gesellschaft
|k Soziologie
|k Spezielle Soziologien
|k Gesamtgesellschaften
|k Vorindustrielle Gesellschaft
|0 (DE-627)1271440156
|0 (DE-625)rvk/123551:
|0 (DE-576)201440156
|
| 936 |
r |
v |
|a MS 1204
|b Deutschland (Bundesrepublik)
|k Soziologie
|k Spezielle Soziologien
|k Analysen einzelner Länder
|k Europa
|k Deutschland (Bundesrepublik)
|0 (DE-627)1271143445
|0 (DE-625)rvk/123559:
|0 (DE-576)201143445
|
| 936 |
r |
v |
|a NW 7000
|b Allgemeines
|k Geschichte
|k Wirtschafts- und Sozialgeschichte
|k Spezielle Sozialgeschichte
|k Allgemeines
|0 (DE-627)1271496356
|0 (DE-625)rvk/132289:
|0 (DE-576)201496356
|
| 936 |
r |
v |
|a MG 15010
|b Soziale Zusammenhänge
|k Politologie
|k Politische Systeme einzelner Länder
|k Europa, Nordamerika
|k Westeuropa, Mitteleuropa
|k Bundesrepublik Deutschland
|k Bundesrepublik Deutschland
|k Politisches System (insgesamt)
|k Soziale Zusammenhänge
|0 (DE-627)1271507145
|0 (DE-625)rvk/122818:12035
|0 (DE-576)201507145
|
| 936 |
r |
v |
|a MG 15900
|b Allgemeines, Innenpolitik, allgemeine Rechtspolitik
|k Politologie
|k Politische Systeme einzelner Länder
|k Europa, Nordamerika
|k Westeuropa, Mitteleuropa
|k Bundesrepublik Deutschland
|k Bundesrepublik Deutschland
|k Einzelne politische Sachgebiete
|k Allgemeines, Innenpolitik, allgemeine Rechtspolitik
|0 (DE-627)1271491931
|0 (DE-625)rvk/122818:12221
|0 (DE-576)201491931
|
| 936 |
r |
v |
|a QF 620
|b Deutschland
|k Wirtschaftswissenschaften
|k Wirtschafts- und Sozialgeschichte
|k Weltkriegszeit und Zeit des Ost-West-Konflikts (1914 bis 1989)
|k Europa
|k Deutschland
|0 (DE-627)1271492725
|0 (DE-625)rvk/141390:
|0 (DE-576)201492725
|
| 936 |
r |
v |
|a NQ 6085
|b Einzelbeiträge
|k Geschichte
|k Geschichte seit 1918
|k Deutsche Geschichte seit 1945
|k Bundesrepublik Deutschland (bis 1990)
|k Allgemeines
|k Einzelbeiträge
|0 (DE-627)1271472422
|0 (DE-625)rvk/128691:
|0 (DE-576)201472422
|
| 936 |
r |
v |
|a NQ 6170
|b Wirtschaft
|k Geschichte
|k Geschichte seit 1918
|k Deutsche Geschichte seit 1945
|k Bundesrepublik Deutschland (bis 1990)
|k Innenpolitik
|k Wirtschaft
|0 (DE-627)1271472503
|0 (DE-625)rvk/128702:
|0 (DE-576)201472503
|
| 936 |
r |
v |
|a NW 2250
|b Deutschland (auch Heiliges Römisches Reich)
|k Geschichte
|k Wirtschafts- und Sozialgeschichte
|k Allgemeine Wirtschafts- und Sozialgeschichte
|k Allgemeines zur Wirtschafts- und Sozialgeschichte einzelner Staaten
|k Europa
|k Deutschland (auch Heiliges Römisches Reich)
|0 (DE-627)1544647166
|0 (DE-625)rvk/131975:
|0 (DE-576)474647161
|
| 936 |
r |
v |
|a ME 3200
|b Geschichte
|k Politologie
|k Politische Systeme: Allgemeines und Vergleich
|k Demokratie, westliches politisches System
|k Geschichte
|0 (DE-627)1271427001
|0 (DE-625)rvk/122595:
|0 (DE-576)201427001
|
| 936 |
r |
v |
|a QF 620
|b Deutschland
|k Wirtschaftswissenschaften
|k Wirtschafts- und Sozialgeschichte
|k Weltkriegszeit und Zeit des Ost-West-Konflikts (1914 bis 1989)
|k Europa
|k Deutschland
|0 (DE-627)1271492725
|0 (DE-625)rvk/141390:
|0 (DE-576)201492725
|
| 936 |
r |
u |
|a NW 2250
|b Mitteleuropa (allgemein und Darstellungen in den jeweiligen Grenzen des Reiches)
|k Geschichte
|k Wirtschafts- und Sozialgeschichte
|k Allgemeine Wirtschafts- und Sozialgeschichte
|k Allgemeines zur Wirtschafts- und Sozialgeschichte einzelner Staaten und Völker
|k Europa
|k Mitteleuropa (allgemein und Darstellungen in den jeweiligen Grenzen des Reiches)
|0 (DE-627)1271492733
|0 (DE-576)201492733
|z Ungueltig
|
| 936 |
b |
k |
|a 15.43
|j Deutsche Geschichte des 19. Jahrhunderts bis zur Gegenwart
|0 (DE-627)181569701
|
| 936 |
b |
k |
|a 15.08
|j Sozialgeschichte
|0 (DE-627)181571005
|
| 936 |
s |
n |
|a q100
|2 mzub
|
| 936 |
s |
n |
|a m100
|2 mzub
|
| 936 |
s |
n |
|a m200
|2 mzub
|
| 936 |
s |
n |
|a n100
|2 mzub
|
| 951 |
|
|
|a BO
|
| ELC |
|
|
|b 1
|
| LOK |
|
|
|0 000 xxxxxcx a22 zn 4500
|
| LOK |
|
|
|0 001 3253749673
|
| LOK |
|
|
|0 003 DE-627
|
| LOK |
|
|
|0 004 026514982
|
| LOK |
|
|
|0 005 20180214122743
|
| LOK |
|
|
|0 008 180214||||||||||||||||ger|||||||
|
| LOK |
|
|
|0 040
|a DE-21-110
|c DE-627
|d DE-21-110
|
| LOK |
|
|
|0 689
|a s
|a Sozialgeschichte
|
| LOK |
|
|
|0 852
|z Kein Bestand am IfK; Nachweis für KrimDok
|
| LOK |
|
|
|0 852
|a DE-21-110
|
| LOK |
|
|
|0 852 1
|m v
|9 00
|
| LOK |
|
|
|0 935
|a k110
|
| LOK |
|
|
|0 938
|k v
|
| LOK |
|
|
|0 939
|a 14-02-18
|b l01
|
| ORI |
|
|
|a SA-MARC-krimdoka001.raw
|
| TIM |
|
|
|a 100019490523_100019901002
|b 1949-05-23 - 1990-10-02
|